[Event "St Veit op 43rd"]
[Site "St Veit"]
[Date "2024.07.13"]
[Round "9"]
[White "Dantes, Thorsten"]
[Black "Schwab, Lukas"]
[Result "1/2-1/2"]
[WhiteElo "1968"]
[BlackElo "2182"]
[PlyCount "47"]
[EventDate "2024.07.06"]
[EventType "swiss"]
[EventRounds "9"]
[EventCountry "AUT"]
[SourceTitle "CBM 221 Extra"]
[Source "ChessBase"]
[SourceDate "2024.09.30"]
[SourceVersion "1"]
[SourceVersionDate "2024.09.30"]
[SourceQuality "1"]

1. e4 e5 2. Nf3 Nc6 3. Bb5 a6 4. Ba4 Nge7 5. c3 g6 6. d4 exd4 7. cxd4 b5 8. Bb3 Bg7 9. Nc3 d6 10. h3 0-0 11. 0-0 Na5 12. Bc2 Bb7 13. Re1 h6 14. Bf4 c5 15. dxc5 dxc5 16. Qxd8 Rfxd8 17. Bc7 Nc4 18. Bxd8 Rxd8 19. Rad1 Re8 20. Rd7 Bc6 21. Ra7 Nxb2 22. Nd1 Nc4 23. Bd3 Nc8 24. Rc7 1/2-1/2

[Event "St Veit op 43rd"]
[Site "St Veit"]
[Date "2024.07.12"]
[Round "8"]
[White "Wiedner, Robert"]
[Black "Dantes, Thorsten"]
[Result "0-1"]
[WhiteElo "2075"]
[BlackElo "1968"]
[PlyCount "42"]
[EventDate "2024.07.06"]
[EventType "swiss"]
[EventRounds "9"]
[EventCountry "AUT"]
[SourceTitle "CBM 221 Extra"]
[Source "ChessBase"]
[SourceDate "2024.09.30"]
[SourceVersion "1"]
[SourceVersionDate "2024.09.30"]
[SourceQuality "1"]

1. d4 Nf6 2. c4 g6 3. g3 c6 4. Bg2 d5 5. Nf3 Bg7 6. 0-0 0-0 7. cxd5 cxd5 8. Ne5 Nc6 9. Nxc6 bxc6 10. Nc3 Bf5 11. e3 Rb8 12. Qa4 Qd7 13. Qa3 Rfc8 14. Bd2 c5 15. dxc5 Ne4 16. Rfd1 Nxc5 17. e4 Bxc3 18. Bxc3 Bxe4 19. Bb4 Bxg2 20. Kxg2 d4 21. Rac1 Qb7+ 0-1